| 000 | 00713cab a2200229 4500 | ||
|---|---|---|---|
| 001 | WB3032-88 | ||
| 008 | 090401t1994 xxu||||| |||| 00| 0 eng d | ||
| 035 | _a(Sirsi) u37210 | ||
| 041 | _aeng | ||
| 245 | _aNew regulations on plant and machinery | ||
| 260 | _c1994 | ||
| 350 | _a0 | ||
| 490 |
_aDoE News Release _v(503) 1 September 1994 (2) |
||
| 520 | _aSecurity cameras, display screens and telecommunication dishes will not be subject to rating under new regulations being laid before Parliament. | ||
| 650 | _aDISPLAY SCREENS | ||
| 650 | _aPLANT AND MACHINERY | ||
| 650 | _aSATELLITE DISHES | ||
| 650 | _aSECURITY CAMERAS | ||
| 690 | _aRATING AND VALUATION | ||
| 942 | _n0 | ||
| 948 | _c04/03/1997 | ||
| 999 |
_c24072 _d24072 |
||